Interkulturelle Aspekte des Fremdsprachenunterrichts im tertiären Bildungsbereich

Úloha interkultúrneho aspektu vo vzdelávaní na treťom stupni je životne dôležitá téma. Efektívna výučba jazyka neznamená len ovládanie gramatiky a slovnej zásoby, ale aj porozumenie kultúre. Je to obzlášť dôležité na poli ekonomiky, lebo ekonomické systémy sú tvarované kultúrou.

Guardado en:
Detalles Bibliográficos
Autor principal: Maierová, Eva, 1965-
Formato: Capítulo de libro
Lenguaje:alemán
Materias:
Etiquetas: Agregar Etiqueta
Sin Etiquetas, Sea el primero en etiquetar este registro!

MARC

LEADER 00000naa$a2200000$$$4500
001 0296531
005 20240502083954.8
041 0 |a ger 
044 |a DE 
245 1 0 |a Interkulturelle Aspekte des Fremdsprachenunterrichts im tertiären Bildungsbereich  |c Eva Maierová 
520 |a Úloha interkultúrneho aspektu vo vzdelávaní na treťom stupni je životne dôležitá téma. Efektívna výučba jazyka neznamená len ovládanie gramatiky a slovnej zásoby, ale aj porozumenie kultúre. Je to obzlášť dôležité na poli ekonomiky, lebo ekonomické systémy sú tvarované kultúrou. 
610 2 0 |a jazyky cudzie 
610 2 0 |a vzdelávanie terciárne 
610 2 0 |a kompetencie interkultúrne 
610 2 0 |a multikulturalizmus 
100 1 |a Maierová, Eva, 1965-